Les 50 albums de rap les plus vendus - Statistiques

Statistiques générales
  • Ce quiz a été pris 629 fois
  • Le résultat moyen est 19 sur 50
Statistiques - réponses
Artiste Année Album % Correct
PNL 2019 Deux frères
88%
PNL 2016 Dans la légende
80%
Ninho 2019 Destin
80%
Nekfeu 2015 Feu
79%
Damso 2017 Ipséité
75%
IAM 1997 L'école du micro d'argent
74%
SCH 2015 A7
71%
Niska 2017 Commando
71%
Nekfeu 2019 Les étoiles vagabondes
71%
Nekfeu 2016 Cyborg
67%
PNL 2015 Le monde chico
66%
Damso 2018 Lithopédion
66%
Orelsan 2017 La fête est finie
62%
Orelsan 2021 Civilisation
57%
Jul 2015 My world
55%
Booba 2017 Trône
55%
Sexion d'assaut 2010 L'école des points vitaux
54%
Ninho 2017 Comme prévu
50%
Diam's 2006 Dans ma bulle
50%
Black M 2014 Les yeux plus gros que le monde
48%
Sexion d'assaut 2012 L'apogée
46%
Sniper 2003 Gravé dans la roche
44%
Doc Gyneco 1996 Première consultation
43%
Booba 2006 Ouest Side
42%
Suprême NTM 1998 Suprême NTM
42%
Bigflo & Oli 2017 La vraie vie
37%
Maître Gims 2013 Subliminal
36%
Suprême NTM 1995 Paris sous les bombes
33%
Jul 2016 L'ovni
31%
Soprano 2014 Cosmopolitanie
24%
Jul 2016 Emotions
19%
Soprano 2016 L'Everest
17%
Manau 1998 Panique celtique
17%
113 1999 Les princes de la ville
15%
Soprano 2018 Phoenix
14%
Jul 2018 La zone en personne
13%
MC Solaar 1994 Prose combat
13%
Akhénaton 1995 Métèque et mat
12%
Fonky Family 2001 Art de rue
8%
MC Solaar 1991 Qui sème le vent récolte le tempo
8%
MC Solaar 2001 Cinquième As
7%
IAM 1993 Ombre est lumière volume 1
7%
Rohff 2001 La vie avant la mort
6%
Passi 1997 Les tentations
4%
Fonky Family 1998 Si Dieu veut
4%
MC Solaar 1997 Paradisiaque
3%
IAM 2003 Revoir un printemps
3%
Stomy Bugsy 1996 Le calibre qu'il te faut
2%
Sniper 2006 Trait pour trait
2%
Alliance Ethnik 1995 Simple & Funky
1%
Aucun quiz correspondant
Distribution des résultats
% des personnes avec chaque résultat
Percentile par nombre de réponses
Votre historique - résultats
Vous n’avez pas pris ce quiz